000 00379nam a2200133Ia 4500
008 231129s2000||||xx |||||||||||||| ||spa||
040 _bspa
082 _a738.12 C117a
100 _aCabrera Mendez Leticia
245 0 _aAlquimia arcilla y fuego
260 _c2000
264 _aInstituto Distrital de Cultura y Turismo ; Academia Superior de Artes de Bogota
942 _2ddc
_cBKS
999 _c4853
_d4853